[Event "TCh-CHN 2019"]
[Site "China CHN"]
[Date "2019.07.24"]
[Round "8.4"]
[Board "4"]
[White "Pham, Le Thao Nguyen"]
[Black "Huang, Qian"]
[Result "1/2-1/2"]
[WhiteTitle "IM"]
[BlackTitle "WGM"]
[WhiteElo "2366"]
[BlackElo "2429"]
[WhiteTeam "Beijing team"]
[BlackTeam "Chongqing Jiulongpo Yucai Chess team"]
[WhiteFideId "12401226"]
[BlackFideId "8602689"]
[EventDate "2019.04.09"]

1. d4 d5 2. Nf3 Nf6 3. Bf4 Bf5 4. c4 c6 5. Qb3 Qb6 6. c5 Qxb3 7. axb3 Nbd7 8. h3
h6 9. b4 Bxb1 10. Rxb1 e6 11. e3 a6 12. Nd2 Be7 13. Nb3 O-O 14. Bd3 Rfc8 15. g4
Bd8 16. Ra1 Ne8 17. Ke2 Bc7 18. Bxc7 Nxc7 19. h4 Kf8 20. h5 Rab8 21. Na5 Ke7 22.
f4 Rh8 23. g5 Nf8 24. Rag1 Nd7 25. Kd2 Kf8 26. Be2 Ke7 27. Rh2 Nf8 28. Rhg2 Nd7
29. Rf1 Kf8 30. Kc2 Ke7 31. Bg4 Ne8 32. Rgf2 Nc7 33. Nb3 Rbf8 34. Be2 Kd8 35.
Rg2 Ne8 36. Nd2 Nc7 37. Rfg1 Ke7 38. Rh1 Rfg8 39. Nf3 Ne8 40. Nh4 Rf8 41. Rhg1
Kd8 42. Bg4 Nc7 43. Be2 Ne8 44. Rf1 Rfg8 45. Rgf2 Rf8 46. Kb3 Kc7 47. Rg2 Kd8
48. Ka4 Kc7 49. Bg4 Kd8 50. Nf3 b5+ 51. Kb3 Ke7 52. Ra1 Nc7 53. Ne1 Rfg8 54. Nd3
Ra8 55. Rf1 Raf8 56. Be2 Ne8 57. f5 exf5 58. Rxf5 hxg5 59. Rfxg5 Rh6 60. Nf4 Kd8
61. Rg1 Kc7 62. Bf3 Nb8 63. Re5 Nd7 64. Reg5 Nb8 65. Bg4 Kd8 66. Rf1 Rf6 67. Ra1
Rh6 68. Rg1 Rg8 69. Bh3 Rf8 70. Rf5 Ke7 71. Rfg5 Kd8 72. Kc2 Nf6 73. Bf1 Nbd7
74. Be2 Ne8 75. Ra1 Nb8 1/2-1/2

[Event "TCh-CHN 2019"]
[Site "China CHN"]
[Date "2019.07.24"]
[Round "8.4"]
[Board "5"]
[White "Song, Yuxin"]
[Black "Javakhishvili, Lela"]
[Result "1/2-1/2"]
[WhiteTitle "WIM"]
[BlackTitle "IM"]
[WhiteElo "2299"]
[BlackElo "2463"]
[WhiteTeam "Beijing team"]
[BlackTeam "Chongqing Jiulongpo Yucai Chess team"]
[WhiteFideId "8614300"]
[BlackFideId "13601458"]
[EventDate "2019.04.09"]

1. e4 e6 2. d4 d5 3. Nd2 c5 4. exd5 Qxd5 5. Ngf3 cxd4 6. Bc4 Qd7 7. O-O Nc6 8.
Nb3 Nf6 9. Nbxd4 Nxd4 10. Qxd4 Qxd4 11. Nxd4 Bd7 12. c3 Rc8 13. Bb3 Bc5 14. Re1
O-O 15. h3 Bxd4 16. cxd4 Bc6 17. Be3 Bd5 18. Bd1 a6 19. f3 Bc4 20. a3 Nd5 21.
Bd2 Rfd8 22. Bc2 Ne7 23. Bc3 Rd7 24. Rad1 Nd5 25. Bd2 Ne7 26. Bc3 Bb5 27. Be4
Bc6 28. Bb4 Nd5 29. Bxd5 Bxd5 30. Rc1 Rxc1 31. Rxc1 Bc6 32. Bc5 g5 33. Kf2 Kg7
34. Ke3 Kg6 35. Bb6 h5 36. g3 f6 37. Rc2 Rh7 38. h4 Rg7 39. Kf2 Rg8 40. Re2 Kf7
41. Rc2 Kg6 42. Ke3 Re8 43. Rc5 Rf8 44. Kf2 gxh4 45. gxh4 Rg8 46. Bc7 Bd5 47.
Rc3 Kf5 48. a4 b5 49. axb5 axb5 50. Rc5 b4 51. Ra5 b3 52. Rc5 Rg7 53. Ba5 Rd7
54. Bc3 e5 55. dxe5 fxe5 56. Ke3 Ke6 57. Ra5 Rc7 58. Ra6+ Rc6 59. Rxc6+ Bxc6 60.
Bd2 Kf5 61. Bc3 e4 62. fxe4+ Bxe4 63. Be1 1/2-1/2

[Event "TCh-CHN 2019"]
[Site "China CHN"]
[Date "2019.07.24"]
[Round "8.5"]
[Board "2"]
[White "Cheparinov, Ivan"]
[Black "Lu, Shanglei"]
[Result "1-0"]
[WhiteTitle "GM"]
[BlackTitle "GM"]
[WhiteElo "2687"]
[BlackElo "2612"]
[WhiteTeam "Guangdong Shenzhen Longgang Chess team"]
[BlackTeam "Zhejiang team"]
[WhiteFideId "2905540"]
[BlackFideId "8603332"]
[EventDate "2019.04.09"]

1. d4 Nf6 2. c4 e6 3. Nc3 d5 4. cxd5 Nxd5 5. e4 Nxc3 6. bxc3 c5 7. Rb1 Be7 8.
Nf3 O-O 9. Be2 b6 10. O-O Bb7 11. Qd3 Nd7 12. Re1 Rc8 13. Bf4 Nf6 14. Bd1 Nh5
15. Bd2 Qc7 16. h4 Nf6 17. e5 Nd5 18. c4 Nb4 19. Bxb4 cxb4 20. Bc2 g6 21. Bb3
Rfd8 22. d5 b5 23. Rbc1 exd5 24. cxd5 Qxc1 25. Rxc1 Rxc1+ 26. Kh2 Bxd5 27. Bxd5
Rc5 28. Bxf7+ Kxf7 29. Qe3 a5 30. h5 Kg8 31. Qe4 Kf7 32. Qf4+ Kg8 33. Qg4 Kf7
34. Ng5+ Ke8 35. Qe6 Rd4 36. Nxh7 gxh5 37. Nf6+ Kd8 38. f4 1-0

[Event "TCh-CHN 2019"]
[Site "China CHN"]
[Date "2019.07.24"]
[Round "8.5"]
[Board "3"]
[White "Xu, Yinglun"]
[Black "Xu, Minghui"]
[Result "1-0"]
[WhiteTitle "GM"]
[WhiteElo "2555"]
[BlackElo "2406"]
[WhiteTeam "Guangdong Shenzhen Longgang Chess team"]
[BlackTeam "Zhejiang team"]
[WhiteFideId "8604940"]
[BlackFideId "8606790"]
[EventDate "2019.04.09"]

1. c4 c5 2. Nf3 Nc6 3. d4 cxd4 4. Nxd4 Nf6 5. Nc3 e6 6. g3 Qb6 7. Nf3 Bc5 8. e3
Qd8 9. a3 a5 10. Bg2 O-O 11. O-O b6 12. Nd4 Ba6 13. b3 Rc8 14. Nxc6 dxc6 15. Qe2
Re8 16. Bb2 Bf8 17. Rfd1 Qe7 18. Rd2 e5 19. Rad1 Qe6 20. h3 h5 21. Kh2 g6 22.
Nb5 Bxb5 23. cxb5 e4 24. Rc1 c5 25. Rcd1 Be7 26. Bxf6 Qxf6 27. Bxe4 h4 28. Bd5
c4 29. Bxc4 Bxa3 30. Rd7 Re7 31. gxh4 Rc5 32. R1d6 1-0

[Event "TCh-CHN 2019"]
[Site "China CHN"]
[Date "2019.07.24"]
[Round "8.5"]
[Board "4"]
[White "Ding, Yixin"]
[Black "Li, Xueyi"]
[Result "1-0"]
[WhiteTitle "WGM"]
[BlackTitle "WGM"]
[WhiteElo "2439"]
[BlackElo "2296"]
[WhiteTeam "Zhejiang team"]
[BlackTeam "Guangdong Shenzhen Longgang Chess team"]
[WhiteFideId "8602972"]
[BlackFideId "8605912"]
[EventDate "2019.04.09"]

1. e4 c6 2. d4 d5 3. Nc3 dxe4 4. Nxe4 Nf6 5. Nxf6+ exf6 6. Bc4 Bd6 7. Nf3 O-O 8.
O-O Bg4 9. h3 Bh5 10. Qd3 Re8 11. Bd2 b5 12. Bb3 a5 13. a3 Bg6 14. Qc3 Be4 15.
Rae1 b4 16. axb4 Bxb4 17. Qc4 Bd5 18. Qd3 Bxf3 19. Bxb4 Bd5 20. Rxe8+ Qxe8 21.
Re1 Qc8 22. c4 axb4 23. cxd5 cxd5 24. Qb5 Na6 25. Qxd5 Ra7 26. Qc4 Qa8 27. d5
Rc7 28. Qxa6 1-0

[Event "TCh-CHN 2019"]
[Site "China CHN"]
[Date "2019.07.24"]
[Round "8.5"]
[Board "5"]
[White "Zhu, Jiner"]
[Black "Ushenina, Anna"]
[Result "1/2-1/2"]
[WhiteTitle "WIM"]
[BlackTitle "GM"]
[WhiteElo "2461"]
[BlackElo "2416"]
[WhiteTeam "Zhejiang team"]
[BlackTeam "Guangdong Shenzhen Longgang Chess team"]
[WhiteFideId "8608059"]
[BlackFideId "14110911"]
[EventDate "2019.04.09"]

1. e4 c6 2. d4 d5 3. e5 Bf5 4. h4 h5 5. Bd3 Bxd3 6. Qxd3 Qa5+ 7. Bd2 Qa6 8. e6
Qxd3 9. exf7+ Kxf7 10. cxd3 Nd7 11. Nf3 Re8 12. Bf4 Nh6 13. O-O Nf5 14. Re1 g6
15. Nbd2 Bg7 16. Nb3 Bf6 17. g3 Nxd4 18. Nbxd4 e5 19. Be3 exd4 20. Bxd4 Bxd4 21.
Nxd4 Nc5 22. Red1 Kf6 23. Rac1 Nd7 24. b4 Re7 25. Kf1 Rhe8 26. Rc2 Ke5 27. Ne2
Kf6 28. Nd4 Ke5 29. Ne2 Kf6 30. Nd4 Ke5 1/2-1/2

[Event "TCh-CHN 2019"]
[Site "China CHN"]
[Date "2019.07.24"]
[Round "8.6"]
[Board "1"]
[White "Chen, Qi b"]
[Black "Xu, Xiangyu"]
[Result "1/2-1/2"]
[WhiteTitle "IM"]
[BlackTitle "GM"]
[WhiteElo "2445"]
[BlackElo "2582"]
[WhiteTeam "Jiangsu team"]
[BlackTeam "Chengdu Beilei Youth Chess Club"]
[WhiteFideId "8614733"]
[BlackFideId "8608288"]
[EventDate "2019.04.09"]

1. e4 e5 2. Bc4 Nc6 3. Nf3 Be7 4. d3 d6 5. a4 Nf6 6. O-O O-O 7. a5 Kh8 8. Re1
Ng8 9. a6 b6 10. Bd5 Bd7 11. d4 Rc8 12. Nc3 Nxd4 13. Nxd4 exd4 14. Qxd4 c6 15.
Ba2 Be6 16. Bf4 Qd7 17. Rad1 Bxa2 18. Nxa2 Qe6 19. Nc3 Rcd8 20. Qa4 Rc8 21. Qd4
Rcd8 22. Qa4 Rc8 23. Qd4 1/2-1/2

[Event "TCh-CHN 2019"]
[Site "China CHN"]
[Date "2019.07.24"]
[Round "8.6"]
[Board "3"]
[White "Ganguly, Surya Shekhar"]
[Black "Li, Di"]
[Result "1/2-1/2"]
[WhiteTitle "GM"]
[BlackTitle "GM"]
[WhiteElo "2633"]
[BlackElo "2543"]
[WhiteTeam "Jiangsu team"]
[BlackTeam "Chengdu Beilei Youth Chess Club"]
[WhiteFideId "5002150"]
[BlackFideId "8607508"]
[EventDate "2019.04.09"]

1. Nf3 d5 2. g3 Nf6 3. Bg2 c5 4. O-O Nc6 5. d4 cxd4 6. Nxd4 e5 7. Nxc6 bxc6 8.
c4 Be6 9. Nc3 Rc8 10. cxd5 cxd5 11. Qa4+ Qd7 12. Qxd7+ Kxd7 13. Rd1 Bc5 14. Na4
Bd6 15. Bg5 Rc4 16. b3 Rc2 17. Bxf6 gxf6 18. Bxd5 f5 19. Rac1 Rhc8 20. Bc4 Rxc1
21. Rxc1 Ke7 22. Rc2 h5 23. Bd3 Rh8 24. Bc4 Rc8 25. e3 h4 26. gxh4 Bd5 27. Nc3
Rg8+ 28. Kf1 Bg2+ 29. Ke1 Bf3 30. Be2 Rg1+ 31. Kd2 Bb7 32. Bc4 Bf3 33. Be2 Bb7
34. Bd3 e4 35. Bc4 Rg2 36. Ke2 Rxh2 37. Nb5 Bg3 38. Kf1 Bb8 39. Nd4 f4 40. Bb5
Kf6 41. exf4 Bxf4 42. Rc5 Be5 43. Nc6 Bxc6 44. Rxc6+ 1/2-1/2

[Event "TCh-CHN 2019"]
[Site "China CHN"]
[Date "2019.07.24"]
[Round "8.6"]
[Board "4"]
[White "Li, Yunshan"]
[Black "Guo, Qi"]
[Result "1/2-1/2"]
[WhiteTitle "WFM"]
[BlackTitle "IM"]
[WhiteElo "2287"]
[BlackElo "2406"]
[WhiteTeam "Chengdu Beilei Youth Chess Club"]
[BlackTeam "Jiangsu team"]
[WhiteFideId "8607664"]
[BlackFideId "8604002"]
[EventDate "2019.04.09"]

1. d4 d5 2. c4 e6 3. Nf3 Nf6 4. g3 Bb4+ 5. Bd2 Be7 6. Bg2 O-O 7. O-O c6 8. Qc2
b6 9. Rd1 Nbd7 10. Bf4 Bb7 11. Nc3 dxc4 12. Nd2 Nd5 13. Nxc4 Nxf4 14. gxf4 Qc7
15. e3 Rad8 16. a4 a6 17. Rac1 g6 18. Qb1 a5 19. Ne5 c5 20. Nxd7 Rxd7 21. d5
exd5 22. Nxd5 Bxd5 23. Bxd5 Rfd8 24. Bf3 Rd2 25. Rxd2 Rxd2 26. Rd1 Qd7 27. Qc1
Rxd1+ 28. Qxd1 Qxd1+ 29. Bxd1 c4 30. Be2 Bf6 31. Bxc4 Bxb2 32. Kg2 Kg7 33. Kf3
f5 34. e4 fxe4+ 35. Kxe4 Kf6 36. Bb5 h5 37. Be8 Ba3 38. h3 Bc5 39. Kf3 Bd4 1/2-1/2

[Event "TCh-CHN 2019"]
[Site "China CHN"]
[Date "2019.07.24"]
[Round "8.6"]
[Board "5"]
[White "Lagno, Kateryna"]
[Black "Shen, Yang"]
[Result "1/2-1/2"]
[WhiteTitle "GM"]
[BlackTitle "IM"]
[WhiteElo "2547"]
[BlackElo "2402"]
[WhiteTeam "Chengdu Beilei Youth Chess Club"]
[BlackTeam "Jiangsu team"]
[WhiteFideId "14109336"]
[BlackFideId "8603162"]
[EventDate "2019.04.09"]

1. e4 e5 2. Nf3 Nc6 3. Bb5 Nf6 4. O-O Nxe4 5. Re1 Nd6 6. Nxe5 Be7 7. Bf1 Nf5 8.
Nf3 O-O 9. d4 d5 10. c3 Bd6 11. b3 h6 12. Na3 a6 13. Nc2 Qf6 14. c4 b6 15. cxd5
Nb4 16. Ne3 Bb7 17. Ng4 Qd8 18. Nfe5 Nxd5 19. Bd3 Nde7 20. Bb2 Qc8 21. Rc1 b5
22. Bb1 Nh4 23. Qd3 f5 24. d5 Qe8 25. Ne3 Neg6 26. f4 Nxf4 27. Qd4 Bxe5 28. Qxe5
Qxe5 29. Bxe5 Nxd5 30. Nxd5 Bxd5 31. Rxc7 Rf7 32. Rxf7 Kxf7 33. Bg3 g5 34. Bxh4
gxh4 35. Bxf5 Rg8 36. Be4 Be6 37. Kf2 Kf6 1/2-1/2

[Event "TCh-CHN 2019"]
[Site "China CHN"]
[Date "2019.07.25"]
[Round "9.1"]
[Board "1"]
[White "Zhao, Yuanhe"]
[Black "Liu, Qingnan"]
[Result "1-0"]
[BlackTitle "GM"]
[WhiteElo "2470"]
[BlackElo "2533"]
[WhiteTeam "Chengdu Beilei Youth Chess Club"]
[BlackTeam "Shandong Jingzhi team"]
[WhiteFideId "8609497"]
[BlackFideId "8603294"]
[EventDate "2019.04.09"]

1. Nf3 d5 2. g3 Nf6 3. Bg2 e6 4. O-O Be7 5. c4 dxc4 6. Qa4+ Bd7 7. Qxc4 Bc6 8.
Nc3 a6 9. d3 b5 10. Qb3 Nbd7 11. Be3 b4 12. Na4 Nd5 13. Rfc1 Bxa4 14. Qxa4 c5
15. Nd2 O-O 16. Nc4 Nxe3 17. Nxe3 Nb6 18. Qb3 Ra7 19. a4 a5 20. Nc4 Nxc4 21.
Rxc4 Qb6 22. h4 Rd7 23. Rac1 Rfd8 24. Bf3 g6 25. h5 Rd4 26. Kg2 Kg7 27. Qc2 Bf8
28. b3 Kg8 29. Rxd4 Rxd4 30. e3 Rd8 31. Qc4 Qd6 32. Be4 Be7 33. hxg6 hxg6 34.
Qb5 f5 35. Bf3 g5 36. Qxa5 g4 37. Bb7 Qxd3 38. Qc7 Kf7 39. Rh1 Qd6 40. Qxd6 Rxd6
41. a5 Rd2 42. Ra1 Bf6 43. Ra4 c4 44. Rxb4 c3 45. a6 Ra2 46. Ra4 Rxa4 47. bxa4
c2 48. a7 c1=Q 49. a8=Q Bc3 50. Bc6 Qa3 51. Qe8+ Kf6 52. Qh8+ Ke7 53. Qh7+ Kf6
54. Be8 Qf8 55. Qh4+ Ke5 56. Bc6 Kd6 57. Bb5 Qg8 58. Qh6 Qa8+ 59. Kg1 Qc8 60. e4
Qh8 61. Qxh8 Bxh8 62. Bd3 fxe4 63. Bxe4 Bd4 64. a5 Ba7 65. Bd3 Ke5 66. a6 Bb6
67. Kg2 Kf6 68. f3 Kg5 69. fxg4 Kxg4 70. Be2+ Kf5 71. Kf3 Ke5 72. g4 Ba7 73. Bd3
Kf6 74. Ke4 Bb6 75. Be2 Ba7 76. Bd1 Bg1 77. Kd3 Ba7 78. Kc4 Ke7 79. g5 Kf7 80.
Bc2 1-0

[Event "TCh-CHN 2019"]
[Site "China CHN"]
[Date "2019.07.25"]
[Round "9.1"]
[Board "2"]
[White "Xu, Xiangyu"]
[Black "Zhao, Jun"]
[Result "1/2-1/2"]
[WhiteTitle "GM"]
[BlackTitle "GM"]
[WhiteElo "2582"]
[BlackElo "2639"]
[WhiteTeam "Chengdu Beilei Youth Chess Club"]
[BlackTeam "Shandong Jingzhi team"]
[WhiteFideId "8608288"]
[BlackFideId "8602522"]
[EventDate "2019.04.09"]

1. d4 Nf6 2. c4 c6 3. Nc3 d5 4. cxd5 cxd5 5. Bf4 Nc6 6. e3 a6 7. Be2 Bf5 8. g4
Be4 9. f3 Bg6 10. h4 h6 11. Kf2 e6 12. Nh3 Be7 13. Bg3 Nd7 14. Nf4 Bh7 15. Nh5
Bg6 16. Nf4 Bh7 17. Rc1 Rc8 18. Nh5 Bg6 19. Nf4 Bh7 20. Nh5 Bg6 21. Nf4 Bh7 1/2-1/2

[Event "TCh-CHN 2019"]
[Site "China CHN"]
[Date "2019.07.25"]
[Round "9.1"]
[Board "4"]
[White "Stefanova, Antoaneta"]
[Black "Ren, Xiaoyi"]
[Result "1-0"]
[WhiteTitle "GM"]
[WhiteElo "2476"]
[BlackElo "2253"]
[WhiteTeam "Shandong Jingzhi team"]
[BlackTeam "Chengdu Beilei Youth Chess Club"]
[WhiteFideId "2902257"]
[BlackFideId "8608709"]
[EventDate "2019.04.09"]

1. c4 Nf6 2. Nf3 c6 3. d4 d5 4. Qb3 Qb6 5. Nc3 Qxb3 6. axb3 Bf5 7. c5 Na6 8. e4
Bxe4 9. Bxa6 bxa6 10. Nxe4 dxe4 11. Ne5 Nd7 12. Nxc6 e5 13. b4 exd4 14. Nxd4 Ne5
15. Ke2 O-O-O 16. Be3 Nd3 17. Nc6 Re8 18. Rxa6 Re6 19. Nxa7+ Kb8 20. Ra5 Be7 21.
Rha1 Bf6 22. Nc6+ Kc7 23. b5 1-0

[Event "TCh-CHN 2019"]
[Site "China CHN"]
[Date "2019.07.25"]
[Round "9.1"]
[Board "5"]
[White "Ning, Kaiyu"]
[Black "Lagno, Kateryna"]
[Result "1/2-1/2"]
[WhiteTitle "WIM"]
[BlackTitle "GM"]
[WhiteElo "2353"]
[BlackElo "2547"]
[WhiteTeam "Shandong Jingzhi team"]
[BlackTeam "Chengdu Beilei Youth Chess Club"]
[WhiteFideId "8614750"]
[BlackFideId "14109336"]
[EventDate "2019.04.09"]

1. d4 Nf6 2. c4 g6 3. Nf3 Bg7 4. g3 d5 5. Bg2 O-O 6. O-O dxc4 7. Na3 c3 8. bxc3
c5 9. Nc4 Nc6 10. Nce5 Nxe5 11. Nxe5 Ng4 12. Nxg4 Bxg4 13. h3 Bd7 14. dxc5 Qc8
15. Kh2 Bc6 16. Be3 Bxc3 17. Rb1 Rd8 18. Qb3 Bf6 19. Rfd1 Rxd1 20. Rxd1 h5 21.
Bd5 Qe8 22. Bxc6 Qxc6 23. Qd5 Rc8 24. Qxc6 Rxc6 25. Rd7 b6 26. cxb6 axb6 27. Rb7
b5 28. a3 Rc3 29. Rxb5 Rxa3 30. Rd5 Ra2 31. Rd2 Rxd2 1/2-1/2

[Event "TCh-CHN 2019"]
[Site "China CHN"]
[Date "2019.07.25"]
[Round "9.2"]
[Board "2"]
[White "Lu, Shanglei"]
[Black "Ganguly, Surya Shekhar"]
[Result "0-1"]
[WhiteTitle "GM"]
[BlackTitle "GM"]
[WhiteElo "2612"]
[BlackElo "2633"]
[WhiteTeam "Zhejiang team"]
[BlackTeam "Jiangsu team"]
[WhiteFideId "8603332"]
[BlackFideId "5002150"]
[EventDate "2019.04.09"]

1. e4 e5 2. Nf3 Nc6 3. Bc4 Nf6 4. d3 Be7 5. O-O O-O 6. a4 d6 7. a5 a6 8. Re1 Be6
9. Nbd2 Nd7 10. c3 Bg5 11. b4 Bxd2 12. Bxd2 Bxc4 13. dxc4 Qe7 14. Bg5 Qe8 15.
Qd3 h6 16. Bh4 Qe6 17. Nd2 Nf6 18. Bxf6 Qxf6 19. Nf1 Nd8 20. Ne3 Ne6 21. Nd5 Qg5
22. Qg3 g6 23. Rad1 Kg7 24. Qe3 Rae8 25. Qa7 c6 26. Ne3 Qe7 27. b5 Ra8 28. Qb6
Rfc8 29. bxc6 bxc6 30. Nc2 Nc5 31. Nb4 Na4 32. Qe3 Nb2 33. Ra1 Nxc4 34. Qe2 Qe6
35. Red1 f5 36. f3 f4 37. g3 Rab8 38. Rab1 Qf7 39. Kh1 Rb5 40. Nxa6 Rxa5 41. Nb4
fxg3 42. hxg3 Rca8 43. Kg1 c5 44. Nc2 Ra2 45. Ra1 h5 46. Rxa2 Rxa2 47. Ra1 Na3 0-1

[Event "TCh-CHN 2019"]
[Site "China CHN"]
[Date "2019.07.25"]
[Round "9.2"]
[Board "3"]
[White "Xu, Minghui"]
[Black "Chen, Qi b"]
[Result "1/2-1/2"]
[BlackTitle "IM"]
[WhiteElo "2406"]
[BlackElo "2445"]
[WhiteTeam "Zhejiang team"]
[BlackTeam "Jiangsu team"]
[WhiteFideId "8606790"]
[BlackFideId "8614733"]
[EventDate "2019.04.09"]

1. d4 Nf6 2. c4 e6 3. Nf3 d5 4. Nc3 c6 5. e3 Nbd7 6. Qc2 Bd6 7. Bd3 O-O 8. O-O
e5 9. cxd5 cxd5 10. e4 exd4 11. Nxd5 Nxd5 12. exd5 h6 13. b3 Nf6 14. Bb2 Nxd5
15. Qc4 Nb4 16. Be4 Re8 17. Rae1 Be6 18. Qxd4 Bf8 19. Bxb7 Rb8 20. Be4 Nxa2 21.
Bb1 Qxd4 22. Nxd4 Nb4 23. Nxe6 Rxe6 24. Rxe6 fxe6 25. Re1 Nd3 26. Bxd3 Rxb3 27.
Bc4 Rxb2 28. Rxe6 Kh7 29. Bd3+ Kg8 30. Bc4 Kh7 31. Bd3+ Kg8 32. Bc4 1/2-1/2

[Event "TCh-CHN 2019"]
[Site "China CHN"]
[Date "2019.07.25"]
[Round "9.2"]
[Board "4"]
[White "Shen, Yang"]
[Black "Ding, Yixin"]
[Result "1/2-1/2"]
[WhiteTitle "IM"]
[BlackTitle "WGM"]
[WhiteElo "2402"]
[BlackElo "2439"]
[WhiteTeam "Jiangsu team"]
[BlackTeam "Zhejiang team"]
[WhiteFideId "8603162"]
[BlackFideId "8602972"]
[EventDate "2019.04.09"]

1. d4 Nf6 2. c4 e6 3. Nf3 Bb4+ 4. Bd2 Bxd2+ 5. Qxd2 O-O 6. Nc3 d5 7. e3 Qe7 8.
cxd5 exd5 9. Bd3 Nbd7 10. O-O b6 11. Rac1 Bb7 12. Rfd1 c5 13. b3 Ne4 14. Qb2
Rac8 15. Ne2 Rfd8 16. dxc5 Ndxc5 17. Bb1 Ne6 18. Ned4 Nxd4 19. Nxd4 Qf6 20. a4
a5 21. f3 Nd6 22. Rxc8 Rxc8 23. Rc1 Rxc1+ 24. Qxc1 Qe7 25. Kf2 Qh4+ 26. Kg1 Qe7
27. Qc3 Ba6 28. g3 g6 29. Kf2 Nb7 30. h4 Nc5 31. Bc2 h5 32. Kg2 Qd7 33. Qe1 Bc8
34. Ne2 Ba6 35. Nd4 Bc8 36. Qf1 Ba6 37. Qe1 Bc8 1/2-1/2

[Event "TCh-CHN 2019"]
[Site "China CHN"]
[Date "2019.07.25"]
[Round "9.2"]
[Board "5"]
[White "Guo, Qi"]
[Black "Zhu, Jiner"]
[Result "1-0"]
[WhiteTitle "IM"]
[BlackTitle "WIM"]
[WhiteElo "2406"]
[BlackElo "2461"]
[WhiteTeam "Jiangsu team"]
[BlackTeam "Zhejiang team"]
[WhiteFideId "8604002"]
[BlackFideId "8608059"]
[EventDate "2019.04.09"]

1. d4 Nf6 2. Nf3 e6 3. c4 d5 4. Nc3 dxc4 5. e4 Bb4 6. Bg5 c5 7. Bxc4 cxd4 8.
Nxd4 Qa5 9. Bd2 O-O 10. Nc2 Nc6 11. Qe2 Rd8 12. a3 Bxc3 13. Bxc3 Qg5 14. O-O e5
15. Rfd1 Bh3 16. g3 Rac8 17. f3 h5 18. Rxd8+ Rxd8 19. Rd1 Rxd1+ 20. Qxd1 Nd4 21.
Bxd4 exd4 22. f4 Qg6 23. Qxd4 Nxe4 24. Bd3 Bf5 25. Ne1 a6 26. Nf3 Qd6 27. Bxe4
Qxd4+ 28. Nxd4 Bxe4 29. Kf2 Kf8 30. Ke3 Bd5 31. Nf5 Be6 32. Ke4 f6 33. b4 Bxf5+
34. Kxf5 Kf7 35. h3 b6 36. a4 b5 37. axb5 axb5 38. h4 g6+ 39. Ke4 Ke6 40. f5+
gxf5+ 41. Kf4 Kd5 42. Kxf5 Kd4 43. Kf4 Kd5 44. g4 hxg4 45. h5 1-0

[Event "TCh-CHN 2019"]
[Site "China CHN"]
[Date "2019.07.25"]
[Round "9.3"]
[Board "3"]
[White "Li, Chao b"]
[Black "Cheparinov, Ivan"]
[Result "1-0"]
[WhiteTitle "GM"]
[BlackTitle "GM"]
[WhiteElo "2690"]
[BlackElo "2687"]
[WhiteTeam "Beijing team"]
[BlackTeam "Guangdong Shenzhen Longgang Chess team"]
[WhiteFideId "8604436"]
[BlackFideId "2905540"]
[EventDate "2019.04.09"]

1. d4 Nf6 2. c4 e6 3. g3 d5 4. Bg2 dxc4 5. Qa4+ Bd7 6. Qxc4 c5 7. Nf3 Bc6 8. O-O
Nbd7 9. Be3 cxd4 10. Nxd4 Bxg2 11. Kxg2 Nd5 12. Bd2 a6 13. e4 N5f6 14. Nf3 b5
15. Qe2 Nc5 16. e5 Nd5 17. Nc3 Be7 18. Rfd1 O-O 19. Nxd5 Qxd5 20. Bb4 Qb7 21.
Qe3 Rfc8 22. Rac1 Qa7 23. Rd6 1-0

[Event "TCh-CHN 2019"]
[Site "China CHN"]
[Date "2019.07.25"]
[Round "9.3"]
[Board "4"]
[White "Ushenina, Anna"]
[Black "Song, Yuxin"]
[Result "0-1"]
[WhiteTitle "GM"]
[BlackTitle "WIM"]
[WhiteElo "2416"]
[BlackElo "2299"]
[WhiteTeam "Guangdong Shenzhen Longgang Chess team"]
[BlackTeam "Beijing team"]
[WhiteFideId "14110911"]
[BlackFideId "8614300"]
[EventDate "2019.04.09"]

1. e4 c5 2. Nf3 d6 3. Bb5+ Bd7 4. Bxd7+ Qxd7 5. c4 Nf6 6. Nc3 Nc6 7. d4 Qg4 8.
O-O Nxd4 9. Nxd4 Qxd1 10. Rxd1 cxd4 11. Rxd4 Rc8 12. b3 g6 13. Bb2 Bg7 14. Rd2
O-O 15. Re1 Nd7 16. Nd5 Rfe8 17. Bxg7 Kxg7 18. f3 a6 19. Rc1 f6 20. Kf2 b5 21.
Rdc2 Ne5 22. Ke3 e6 23. cxb5 Rxc2 24. Rxc2 exd5 25. Rc7+ Kf8 26. bxa6 dxe4 27.
Kxe4 Nc6+ 28. Kd5 Nb4+ 29. Kxd6 Rd8+ 30. Ke6 Re8+ 31. Kd6 Rd8+ 32. Rd7 Rxd7+ 33.
Kxd7 Nxa6 34. Kd6 Ke8 35. a3 Kd8 36. b4 Nc7 37. a4 Kc8 38. Kc6 Na6 39. b5 Nb8+
40. Kd6 Nd7 41. a5 Ne5 42. Ke6 Nd7 43. Kd6 Ne5 44. a6 Nc4+ 45. Kc5 Ne5 46. f4
Nd3+ 47. Kc6 Kb8 48. b6 Nxf4 49. g3 Ne6 50. Kd6 Nd4 51. Kd5 Nb5 52. Kc5 Na3 53.
Kc6 f5 54. Kd5 Nc2 55. Ke6 Nb4 56. Kf7 g5 57. Ke6 f4 58. gxf4 gxf4 59. a7+ Kb7
60. Kd7 f3 61. a8=Q+ Kxa8 62. Kc8 Na6 0-1

[Event "TCh-CHN 2019"]
[Site "China CHN"]
[Date "2019.07.25"]
[Round "9.3"]
[Board "5"]
[White "Li, Xueyi"]
[Black "Pham, Le Thao Nguyen"]
[Result "1/2-1/2"]
[WhiteTitle "WGM"]
[BlackTitle "IM"]
[WhiteElo "2296"]
[BlackElo "2366"]
[WhiteTeam "Guangdong Shenzhen Longgang Chess team"]
[BlackTeam "Beijing team"]
[WhiteFideId "8605912"]
[BlackFideId "12401226"]
[EventDate "2019.04.09"]

1. d4 Nf6 2. c4 e6 3. g3 d5 4. Bg2 Bb4+ 5. Bd2 Be7 6. Nf3 O-O 7. O-O c6 8. Qc2
Nbd7 9. a4 a5 10. Bf4 Nh5 11. Bc1 f5 12. Nc3 Bd6 13. b3 Qe7 14. Bb2 Ndf6 15. e3
Bd7 16. Ne5 Be8 17. Ne2 Nd7 18. Nxd7 Bxd7 19. f3 Be8 20. Qd2 Nf6 21. Kh1 e5 22.
dxe5 Bxe5 23. Ba3 Bd6 24. Bxd6 Qxd6 25. e4 Bg6 26. exd5 cxd5 27. Rfd1 Rfd8 28.
Nc3 Bf7 29. Nxd5 Nxd5 30. f4 Qb6 31. cxd5 Qxb3 32. Rab1 Qxa4 33. Rxb7 Rd6 34.
Rdb1 Rad8 35. Rb8 h6 36. h3 Qe8 37. Rxd8 Qxd8 38. Rd1 a4 39. Qb4 Qd7 40. Kh2 Kh7
41. Rd4 Be8 42. Rd2 Bf7 43. h4 Ra6 44. Qa3 Qd6 45. Qd3 a3 46. Ra2 g6 47. h5 Ra5
48. hxg6+ Bxg6 49. Qc3 Ra7 50. Qe3 Ra6 51. Qe5 Qc5 52. Qe2 Ra7 53. Qd3 h5 54.
Bh3 Qf8 55. Qe3 Ra5 56. Bg2 Ra6 57. Qe5 Qc5 58. Qe2 Ra7 59. Qd3 Qd6 1/2-1/2